000 00351 a2200157 4500
001 59965
020 _a9788578881153
040 _cAnchieta - Pituba
100 _aHermann, Rosana
240 1 0 _aUm passarinho me contou
_lpor
245 1 0 _aUm passarinho me contou
300 _a152
362 0 _a2011
650 4 _aSistemas multimídia
942 _cBK
999 _c59965
_d59965